[Event "Larsen Nordjyske Memorial"]
[Site "Aalborg"]
[Date "2014.10.13"]
[Round "1"]
[White "Rooze, Jan"]
[Black "Olesen, Poul Erik Norgaard"]
[Result "1-0"]
[WhiteElo "2341"]
[BlackElo "2057"]
[PlyCount "61"]
[EventDate "2014.10.13"]
[EventType "swiss"]
[EventRounds "7"]
[EventCountry "DEN"]
[SourceTitle "EXT 2015"]
[Source "ChessBase"]
[SourceDate "2014.11.20"]

1. e4 e5 2. Nf3 d6 3. d4 exd4 4. Nxd4 g6 5. Nc3 Bg7 6. Be3 Nf6 7. Qd2 Nc6 8. f3
Nxd4 9. Bxd4 O-O 10. O-O-O Be6 11. Be3 Re8 12. Bh6 Bh8 13. h4 c6 14. h5 d5 15.
hxg6 fxg6 16. e5 Nd7 17. f4 Qa5 18. Be2 Nc5 19. g4 Bf7 20. Bf3 Re7 21. Bg5 Rc7
22. Qh2 Be8 23. f5 d4 24. Rxd4 Bxe5 25. Bd5+ cxd5 26. Qxe5 Nd7 27. Qxd5+ Qxd5
28. Nxd5 Rc5 29. b4 Rxd5 30. Rxd5 Nb6 31. Rd8 1-0

[Event "Larsen Nordjyske Memorial"]
[Site "Aalborg"]
[Date "2014.10.19"]
[Round "7"]
[White "Rooze, Jan"]
[Black "Kristiansen, Erling"]
[Result "1-0"]
[WhiteElo "2341"]
[BlackElo "2183"]
[PlyCount "99"]
[EventDate "2014.10.13"]
[EventType "swiss"]
[EventRounds "7"]
[EventCountry "DEN"]
[SourceTitle "EXT 2015"]
[Source "ChessBase"]
[SourceDate "2014.11.20"]

1. e4 e5 2. Nf3 Nc6 3. Bc4 Bc5 4. c3 Bb6 5. d4 Qe7 6. O-O d6 7. Re1 Nf6 8. a4
a6 9. h3 O-O 10. Be3 exd4 11. cxd4 Qxe4 12. Ra3 Qg6 13. d5 Nb4 14. Bxb6 cxb6
15. Qd2 a5 16. Nd4 Bd7 17. Rg3 Ne4 18. Rxg6 Nxd2 19. Rxd6 Nxc4 20. Rxd7 Rad8
21. Rxd8 Rxd8 22. b3 Nd6 23. Nc3 Kf8 24. Rd1 Na6 25. f3 Nc5 26. h4 Rc8 27. Nce2
Nd7 28. g4 Rc5 29. Ne6+ fxe6 30. dxe6 Ne5 31. Rxd6 Rc6 32. Rd8+ Ke7 33. Rg8
Rxe6 34. Rxg7+ Kf8 35. Rxh7 Nxf3+ 36. Kf2 Kg8 37. Rh5 Nd2 38. Nd4 Re4 39. Rd5
Rxg4 40. Nf5 Rb4 41. Rd8+ Kh7 42. Rxd2 Rf4+ 43. Ke3 Rxf5 44. Rd7+ Kg6 45. Rxb7
Rf6 46. Ke4 Rc6 47. Kd5 Rf6 48. Rd7 Rf5+ 49. Kc6 Rf3 50. Rd6+ 1-0

[Event "Larsen Nordjyske Memorial"]
[Site "Aalborg"]
[Date "2014.10.19"]
[Round "7"]
[White "Schadd, Jan"]
[Black "Kolbak, Jens"]
[Result "0-1"]
[WhiteElo "1811"]
[BlackElo "2232"]
[PlyCount "52"]
[EventDate "2014.10.13"]
[EventType "swiss"]
[EventRounds "7"]
[EventCountry "DEN"]
[SourceTitle "EXT 2015"]
[Source "ChessBase"]
[SourceDate "2014.11.20"]

1. d4 Nf6 2. Bg5 d5 3. c4 e6 4. Nc3 Nbd7 5. e3 Be7 6. Nf3 Ne4 7. Bxe7 Qxe7 8.
Nxe4 dxe4 9. Nd2 f5 10. Be2 O-O 11. Qc2 e5 12. d5 a5 13. g4 Nc5 14. O-O-O fxg4
15. Rdf1 Bf5 16. Rhg1 Ra6 17. Bxg4 Bxg4 18. Rxg4 Nd3+ 19. Kb1 Nxf2 20. Rg2 Raf6
21. a3 Nd3 22. Rxf6 Rxf6 23. Nxe4 Rf1+ 24. Ka2 Nc1+ 25. Kb1 Nb3+ 26. Ka2 a4 0-1

[Event "Larsen Nordjyske Memorial"]
[Site "Aalborg"]
[Date "2014.10.18"]
[Round "6"]
[White "Sloth, Jorn"]
[Black "Pedersen, Jan Rode"]
[Result "1/2-1/2"]
[WhiteElo "2318"]
[BlackElo "2195"]
[PlyCount "35"]
[EventDate "2014.10.13"]
[EventType "swiss"]
[EventRounds "7"]
[EventCountry "DEN"]
[SourceTitle "EXT 2015"]
[Source "ChessBase"]
[SourceDate "2014.11.20"]

1. c4 e5 2. g3 Nc6 3. Bg2 f5 4. d3 Nf6 5. Nf3 Bb4+ 6. Bd2 Bxd2+ 7. Qxd2 d6 8.
Nc3 O-O 9. O-O Bd7 10. d4 e4 11. Ne1 Qe8 12. Nc2 Qh5 13. f3 Rae8 14. Ne3 exf3
15. exf3 f4 16. gxf4 Qh4 17. Rad1 Nh5 18. Qf2 1/2-1/2

[Event "Larsen Nordjyske Memorial"]
[Site "Aalborg"]
[Date "2014.10.14"]
[Round "2"]
[White "Sloth, Jorn"]
[Black "Nielsen, John Bauneborg"]
[Result "1-0"]
[WhiteElo "2318"]
[BlackElo "2154"]
[PlyCount "68"]
[EventDate "2014.10.13"]
[EventType "swiss"]
[EventRounds "7"]
[EventCountry "DEN"]
[SourceTitle "EXT 2015"]
[Source "ChessBase"]
[SourceDate "2014.11.20"]

1. Nf3 d5 2. g3 Bg4 3. Bg2 c6 4. c4 e6 5. cxd5 exd5 6. d3 Nf6 7. O-O Be7 8. Be3
Nbd7 9. Qb3 Qc7 10. Nc3 O-O 11. Rac1 a6 12. Nxd5 Nxd5 13. Qxd5 Be6 14. Qe4 Nf6
15. Qa4 Nd5 16. Bc5 Bxc5 17. Rxc5 Qb6 18. Qd4 Nf6 19. a3 Rfd8 20. Qc3 a5 21.
Rc1 Nd7 22. Rg5 f6 23. Rh5 Re8 24. Rh4 Bd5 25. e3 Re7 26. Qd4 Qb3 27. Nd2 Qb5
28. a4 Qb6 29. Bxd5+ cxd5 30. Qxd5+ Kh8 31. Nc4 Qc5 32. Rd4 Rc8 33. Rc3 Rf8 34.
Qxb7 Qf5 1-0

[Event "Larsen Nordjyske Memorial"]
[Site "Aalborg"]
[Date "2014.10.16"]
[Round "4"]
[White "Sloth, Jorn"]
[Black "Wahlbom, Magnus"]
[Result "0-1"]
[WhiteElo "2318"]
[BlackElo "2283"]
[PlyCount "44"]
[EventDate "2014.10.13"]
[EventType "swiss"]
[EventRounds "7"]
[EventCountry "DEN"]
[SourceTitle "EXT 2015"]
[Source "ChessBase"]
[SourceDate "2014.11.20"]

1. g3 Nf6 2. Bg2 c5 3. c4 d5 4. cxd5 Nxd5 5. Nc3 Nc7 6. d3 e5 7. Be3 Be7 8. Rc1
Nd7 9. Nf3 O-O 10. Nd2 Rb8 11. Nc4 b6 12. Qb3 Bg5 13. O-O Bxe3 14. fxe3 Qg5 15.
Ne4 Qe7 16. Ncd6 Ne8 17. Nxe8 Qxe8 18. Rf2 Qe7 19. Rcf1 Bb7 20. Nd6 Qxd6 21.
Rxf7 Kh8 22. Bxb7 Rxb7 0-1

[Event "Larsen Nordjyske Memorial"]
[Site "Aalborg"]
[Date "2014.10.15"]
[Round "3"]
[White "Sorensen, Bent"]
[Black "Hammar, Bengt"]
[Result "0-1"]
[WhiteElo "2243"]
[BlackElo "2199"]
[PlyCount "104"]
[EventDate "2014.10.13"]
[EventType "swiss"]
[EventRounds "7"]
[EventCountry "DEN"]
[SourceTitle "EXT 2015"]
[Source "ChessBase"]
[SourceDate "2014.11.20"]

1. Nf3 d6 2. d4 Nf6 3. b3 g6 4. Bb2 Bg7 5. Nbd2 b6 6. c4 Bb7 7. Qc2 O-O 8. e3
Nbd7 9. Be2 Re8 10. O-O d5 11. Rac1 c5 12. Rfd1 cxd4 13. Nxd4 Rc8 14. Qb1 a6
15. cxd5 Nxd5 16. Bf1 Rxc1 17. Rxc1 Qa8 18. e4 N5f6 19. f3 e5 20. Ne2 Bh6 21.
Rd1 b5 22. Nc3 Qa7+ 23. Kh1 Qf2 24. Ne2 Rc8 25. Qd3 Nc5 26. Qd6 Nfd7 27. Nb1
Rc6 28. Qe7 Bf8 29. Qg5 Nd3 30. Bc3 b4 31. Bd2 Bc5 32. Qd8+ Kg7 33. h3 Rd6 34.
Qg5 Nf8 35. Kh2 Ba7 36. Bxb4 Nxb4 37. Rxd6 Qxf1 38. Qxe5+ Kg8 39. Rd8 Nc6 40.
Rxf8+ Kxf8 41. Qh8+ Ke7 42. Nbc3 Bb8+ 43. Ng3 Qf2 44. Nd5+ Kd7 45. f4 Bxf4 46.
Nxf4 Qxf4 47. Qxh7 Nd4 48. Kg1 Ke6 49. Qh8 Qxg3 50. Qxd4 Qe1+ 51. Kh2 Qxe4 52.
Qd2 f6 0-1

[Event "Larsen Nordjyske Memorial"]
[Site "Aalborg"]
[Date "2014.10.13"]
[Round "1"]
[White "Sorensen, Bent"]
[Black "Nielsen, Lars2"]
[Result "1-0"]
[WhiteElo "2243"]
[BlackElo "1971"]
[PlyCount "73"]
[EventDate "2014.10.13"]
[EventType "swiss"]
[EventRounds "7"]
[EventCountry "DEN"]
[SourceTitle "EXT 2015"]
[Source "ChessBase"]
[SourceDate "2014.11.20"]

1. Nf3 Nf6 2. g3 d5 3. Bg2 e6 4. O-O Bd6 5. d4 O-O 6. c4 c6 7. b3 b6 8. Bb2 Bb7
9. Qc2 Nbd7 10. Nbd2 Qb8 11. e4 e5 12. Rad1 Rc8 13. Bh3 Re8 14. Rfe1 h6 15. Qd3
a5 16. Bxd7 Nxd7 17. exd5 cxd5 18. cxd5 f6 19. Qf5 Re7 20. Nc4 b5 21. Ne3 e4
22. Nh4 Nf8 23. Qg4 Kh7 24. Nhf5 Bc8 25. Qe2 g6 26. Nxe7 Bxe7 27. Ng2 f5 28. f3
Bb4 29. Rf1 Ra7 30. fxe4 fxe4 31. Qxe4 Bh3 32. Rf6 Re7 33. Qf3 Nd7 34. Rf7+ Kg8
35. Rxe7 Bxe7 36. Nf4 Bf5 37. g4 1-0

[Event "Larsen Nordjyske Memorial"]
[Site "Aalborg"]
[Date "2014.10.14"]
[Round "2"]
[White "Sztercsco, Sztyepan"]
[Black "Sorensen, Bent"]
[Result "1/2-1/2"]
[WhiteElo "2109"]
[BlackElo "2243"]
[PlyCount "129"]
[EventDate "2014.10.13"]
[EventType "swiss"]
[EventRounds "7"]
[EventCountry "DEN"]
[SourceTitle "EXT 2015"]
[Source "ChessBase"]
[SourceDate "2014.11.20"]

1. e4 e6 2. Qe2 c5 3. Nf3 Nc6 4. g3 g6 5. Bg2 Bg7 6. O-O Nge7 7. d3 O-O 8. c3
d5 9. Re1 b5 10. Bg5 f6 11. Bc1 e5 12. exd5 Nxd5 13. d4 exd4 14. Qxb5 Qd6 15.
cxd4 Rb8 16. Qxc5 Qxc5 17. dxc5 Ncb4 18. Nd4 f5 19. a3 Bxd4 20. axb4 Nxb4 21.
Rxa7 Bxc5 22. Rc7 Bd6 23. Rc3 Ba6 24. Bh6 Rfe8 25. Rce3 Rxe3 26. Rxe3 Bc5 27.
Rb3 Rd8 28. Nc3 Bc4 29. Ra3 Nd3 30. Ra4 Bb3 31. Ra5 Bxf2+ 32. Kh1 Bd4 33. Bd5+
Bxd5+ 34. Rxd5 Rxd5 35. Nxd5 Nxb2 36. Kg2 Kf7 37. Kf3 Nd3 38. Bd2 Ne5+ 39. Kg2
Nc4 40. Bh6 Nd6 41. Bc1 Ne4 42. Nf4 g5 43. Ne2 Be5 44. Kf3 Ke6 45. g4 Nf6 46.
gxf5+ Kxf5 47. h3 Nd5 48. Ba3 Nc7 49. Bc5 Ne6 50. Bb6 Nf8 51. Bc5 Ng6 52. Bf2
h5 53. Be1 h4 54. Ba5 Ne7 55. Bb6 Nd5 56. Bc5 Nf6 57. Bd4 Ne4 58. Be3 Bb2 59.
Nd4+ Bxd4 60. Bxd4 Ng3 61. Bb6 Nh5 62. Kg2 Nf4+ 63. Kh2 Ke4 64. Bc7 Kf3 65. Bb6
1/2-1/2

[Event "Larsen Nordjyske Memorial"]
[Site "Aalborg"]
[Date "2014.10.15"]
[Round "3"]
[White "Wahlbom, Magnus"]
[Black "Sztercsco, Sztyepan"]
[Result "1-0"]
[WhiteElo "2283"]
[BlackElo "2109"]
[PlyCount "63"]
[EventDate "2014.10.13"]
[EventType "swiss"]
[EventRounds "7"]
[EventCountry "DEN"]
[SourceTitle "EXT 2015"]
[Source "ChessBase"]
[SourceDate "2014.11.20"]

1. e4 c5 2. Nf3 d6 3. d4 cxd4 4. Nxd4 Nf6 5. Nc3 a6 6. Bg5 e6 7. f4 Qc7 8. Bxf6
gxf6 9. Qf3 Nc6 10. O-O-O Bd7 11. f5 Ne5 12. Qe2 h5 13. g3 b5 14. a3 Rc8 15.
Bh3 Ke7 16. Kb1 Qc5 17. Qe1 Rb8 18. Nb3 Qb6 19. Rf1 Bg7 20. Ne2 Nc4 21. Nf4
Rhc8 22. Nxh5 Bh8 23. fxe6 fxe6 24. Nf4 Ne3 25. Nd4 Nxf1 26. Qxf1 Qc5 27. Bxe6
Bxe6 28. Nfxe6 Qe5 29. Nf4 Kf7 30. Nf5 Rb6 31. Qf3 Qc5 32. Qh5+ 1-0

[Event "Larsen Nordjyske Memorial"]
[Site "Aalborg"]
[Date "2014.10.13"]
[Round "1"]
[White "Wuertz, Jacob"]
[Black "Kristiansen, Jens"]
[Result "0-1"]
[WhiteElo "2069"]
[BlackElo "2405"]
[PlyCount "46"]
[EventDate "2014.10.13"]
[EventType "swiss"]
[EventRounds "7"]
[EventCountry "DEN"]
[SourceTitle "EXT 2015"]
[Source "ChessBase"]
[SourceDate "2014.11.20"]

1. d4 g6 2. c4 Bg7 3. Nc3 d6 4. e4 Nd7 5. Be3 e5 6. Qd2 Ngf6 7. f3 exd4 8. Bxd4
O-O 9. Nge2 a6 10. Nf4 c6 11. Rd1 Qe7 12. Be2 b5 13. O-O Ne5 14. b3 Bb7 15. Bb6
Ne8 16. a3 Rb8 17. Ba7 Rd8 18. c5 Rd7 19. cxd6 Nxd6 20. Bc5 Rfd8 21. Bb6 Re8
22. Bc5 Ndc4 23. Bxe7 Nxd2 0-1

[Event "Larsen Nordjyske Memorial"]
[Site "Aalborg"]
[Date "2014.10.14"]
[Round "2"]
[White "Zachariassen, John"]
[Black "Pedersen, Svend"]
[Result "0-1"]
[WhiteElo "1938"]
[BlackElo "2230"]
[PlyCount "52"]
[EventDate "2014.10.13"]
[EventType "swiss"]
[EventRounds "7"]
[EventCountry "DEN"]
[SourceTitle "EXT 2015"]
[Source "ChessBase"]
[SourceDate "2014.11.20"]

1. c4 e5 2. g3 Nc6 3. Bg2 g6 4. Nc3 Bg7 5. d3 d6 6. Nf3 Nh6 7. Bd2 O-O 8. O-O
f5 9. Rb1 Nf7 10. b4 h6 11. Qc1 g5 12. Nd5 e4 13. Ne1 Nd4 14. Qd1 c6 15. Nc3 d5
16. b5 Ne6 17. bxc6 bxc6 18. cxd5 cxd5 19. Na4 Bd7 20. Bb4 Re8 21. Nc5 Nxc5 22.
Bxc5 Qa5 23. d4 Qxa2 24. Ra1 Qc4 25. Nc2 Ba4 26. Rc1 Reb8 0-1

[Event "Larsen Nordjyske Memorial"]
[Site "Aalborg"]
[Date "2014.10.13"]
[Round "1"]
[White "Zachariassen, John"]
[Black "Borsos, Bogdan"]
[Result "1-0"]
[WhiteElo "1938"]
[BlackElo "2228"]
[PlyCount "91"]
[EventDate "2014.10.13"]
[EventType "swiss"]
[EventRounds "7"]
[EventCountry "DEN"]
[SourceTitle "EXT 2015"]
[Source "ChessBase"]
[SourceDate "2014.11.20"]

1. c4 e6 2. Nf3 Nf6 3. g3 b6 4. Bg2 Bb7 5. O-O c5 6. Nc3 Be7 7. d3 d5 8. Bf4
O-O 9. Nb5 a6 10. Nc3 d4 11. Nb1 Nbd7 12. Na3 Re8 13. Nc2 Bf8 14. Re1 Ra7 15.
Bd2 e5 16. b4 e4 17. dxe4 Nxe4 18. bxc5 bxc5 19. Rb1 Ndf6 20. Qc1 Nd6 21. Na3
Nfe4 22. Rb3 Nxd2 23. Qxd2 Be4 24. Bf1 h6 25. Rc1 Be7 26. Ne1 Bg5 27. f4 Bf6
28. Nd3 Bxd3 29. exd3 Nf5 30. Nc2 Ne3 31. Bh3 g5 32. Nxe3 dxe3 33. Qe2 gxf4 34.
gxf4 Qd4 35. Rf1 Bh4 36. Kh1 Bf2 37. Rxf2 exf2 38. Qxe8+ Kh7 39. Qe4+ f5 40.
Qxd4 cxd4 41. Kg2 Kg6 42. Kxf2 Rf7 43. Bg2 a5 44. c5 a4 45. Rb6+ Kh5 46. Bf3+
1-0